000 00627nam a2200181 a 4500
005 20230525063540.0
008 991125s1972 mx 000 0 spa u
035 _aUPN01000007867
049 _aLTG
050 4 _aLB1585
_bM6.1 1972 LL
245 0 0 _aCiencias naturales :
_bprimer grado /
_cLázaro Blanco ... [et al.].
260 _aMéxico :
_bSEP, Comisión Nacional de los Libros de Texto Gratuitos,
_c1972.
300 _a96 p. :
_bprincipalmente il.
500 _aLibro de texto gratuito
650 4 _aCiencias naturales
_xEstudio y enseñanza (Elemental)
_92812
700 1 _aBlanco, Lázaro,
_ecoaut.
_931632
905 _aLibro
999 _c7867
_d7867